000 005320000a22001930004500
003 LK-CoMWRAF
005 20240113002823.0
008 230817t ||||| |||| 00| 0 eng d
040 _aLK-CoMWRAF
_dLK-CoMWRAF
_eLK-CoMWRAF
041 _atam
082 _a894.8113
_bILA
100 _aஇளங்கீரன்
_vIlankeeran, Zubair
245 _aநிறைவைத் தேடி...
246 _aNiraivaith Theadi
260 _aKandy:
_bThamil manram,
_c[n.d.]
300 _a72 p.
650 _aTAMIL FICTION
942 _cBK
999 _c2843
_d2843